000 00511nam a2200181Ia 4500
005 20250508152359.0
008 008 250505s9999 xx 000 0 eng d
037 _aTextual
040 _aFEDL
_beng
_cFEDL
041 _aeng
_2eng
084 _a423.1, COL
_qFEDL
100 _aCollins V H
245 0 _aSecond book of english idioms : With explanations
260 _aLondon, UK
_bLongmans, Green and Co.
_c1958
300 _a256p.
942 _cTEXL
_h423.1, COL
999 _c1336063
_d1336063